Catálogo de la Biblioteca Horacio González - Universidad Nacional de General Sarmiento

La nube (Registro nro. 54382)

Detalles MARC
000 -CABECERA
campo de control de longitud fija 01412ngm a22003130a 4500
001 - NÚMERO DE CONTROL
campo de control PT16689
003 - IDENTIFICADOR DEL NÚMERO DE CONTROL
campo de control AR-LpoUNG
005 - FECHA Y HORA DE LA ÚLTIMA TRANSACCIÓN
campo de control 20210202000225.0
007 - CAMPO FIJO DE DESCRIPCIÓN FÍSICA--INFORMACIÓN GENERAL
campo de control de longitud fija vd cvaizq
008 - DATOS DE LONGITUD FIJA--INFORMACIÓN GENERAL
campo de control de longitud fija 191001s1999||||ag |||||||||||||||||spa d
040 ## - FUENTE DE LA CATALOGACIÓN
Centro catalogador/agencia de origen AR-LpoUNG
Lengua de catalogación spa
Centro/agencia transcriptor AR-LpoUNG
Normas de descripción aacr
041 ## - CÓDIGO DE LENGUA
Código de lengua del texto/banda sonora o título independiente spa
044 ## - CÓDIGO DEL PAÍS DE LA ENTIDAD EDITORA/PRODUCTORA
Código MARC del país ag
082 0# - NÚMERO DE LA CLASIFICACIÓN DECIMAL DEWEY
Número de clasificación 302.33 684nub
100 1# - ENTRADA PRINCIPAL--NOMBRE DE PERSONA
Nombre de persona Solanas, Fernando E.
Término indicativo de función/relación dir.
245 13 - MENCIÓN DE TÍTULO
Título La nube
260 ## - PUBLICACIÓN, DISTRIBUCIÓN, ETC.
Lugar de publicación, distribución, etc. San Luis :
Nombre del editor, distribuidor, etc. Gativideo,
Fecha de publicación, distribución, etc. 1999.
300 ## - DESCRIPCIÓN FÍSICA
Extensión VHS (113 min.) : son., col.
505 0# - NOTA DE CONTENIDO CON FORMATO
Nota de contenido con formato Fotografía: Juan D. Solanas ; música; Gerardo Gandini ; montaje: César D`Angiolillo.
520 ## - SUMARIO, ETC.
Sumario, etc. Es una Buenos Aires plomiza donde llueve incesantemente y donde la vida transcurre normalmente: muchos retroceden y algunos avanzan. El film narra los esfuerzos y desventuras de un grupo de actores que defienden su viejo teatro independiente a punto de ser vendido. Entre la esperanza y la resignación, los personajes resisten con dignidad el retroceso de los tiempos nublados. El espíritu que los sostiene está impregnado de fidelidad a todo aquello que no quieren perder. Títulos de Películas Actores y Directores Títulos de Juegos Búsqueda Avanzada
650 #4 - PUNTO DE ACCESO ADICIONAL DE MATERIA--TÉRMINO DE MATERIA
Término de materia o nombre geográfico como elemento de entrada ARGENTINA
650 #4 - PUNTO DE ACCESO ADICIONAL DE MATERIA--TÉRMINO DE MATERIA
Término de materia o nombre geográfico como elemento de entrada TEATRO
651 #4 - PUNTO DE ACCESO ADICIONAL DE MATERIA--NOMBRE GEOGRÁFICO
Nombre geográfico Argentina
653 ## - TÉRMINO DE INDIZACIÓN--NO CONTROLADO
Término no controlado CINE ARGENTINO
653 ## - TÉRMINO DE INDIZACIÓN--NO CONTROLADO
Término no controlado SOLANAS, PINO
653 ## - TÉRMINO DE INDIZACIÓN--NO CONTROLADO
Término no controlado VIDEOS
905 ## - ELEMENTOS DE DATOS E LOCAL, LDE (RLIN)
a 16689
942 ## - ELEMENTOS DE PUNTO DE ACCESO ADICIONAL (KOHA)
Tipo de ítem Koha Video
Existencias
Estado de retiro Estado de pérdida Estado dañado No para préstamo Código de colección Localización permanente Ubicación/localización actual Fecha de adquisición Total de préstamos Signatura topográfica completa Código de barras Fecha visto por última vez Precio válido a partir de Tipo de ítem Koha
        Colección Cine Biblioteca Universidad Nacional de General Sarmiento Biblioteca Universidad Nacional de General Sarmiento 02/02/2021   302.33 684nub 00018325 02/02/2021 02/02/2021 Video